Statistics for Drag Race Belgique Queens by Photo

Click here to take the quiz!

General Stats

  • This quiz has been taken 28 times
    (13 since last reset)
  • The average score is 18 of 19

Answer Stats

Answer% Correct
Alvilda
100%
Amanda Tears
100%
Chloe Clarke
100%
La Veuve
100%
Loulou Velvet
100%
Mademoiselle Boop
100%
Morphae
100%
Peach
100%
Star
100%
Valenciaga
100%
Athena Sorgelikis
91%
Drag Couenne
91%
Gabanna
91%
Madame Yoko
91%
Mocca Bone
91%
Sarah Logan
91%
Brittany Von Bottok
82%
Edna Sorgelsen
82%
Susan
82%

Score Distribution

Percentile by Number Answered

Percent of People with Each Score

Your Score History

You have not taken this quiz since the last reset